A idade pré-escolar (Registo nº 13399)

Detalhes MARC
000 -Etiqueta do registo
Valores 00812nam a22002291i 4500
090 ## -
-- 13399
010 ## - Número ISBN
ISBN 9789727592210
100 ## - Dados gerais de processamento
Dados gerais 20170304u u u0frey50 ba
101 0# - Língua de publicação
-- por
200 1# - Titulo e menção de responsabilidade
Primeira menção de responsabilidade Holly Bennett
Título próprio A idade pré-escolar
Informação de outro título 3 a 5 anos
215 ## - Descrição física 
Paginação / Volumes 143, [1] p.
Outras indicações físicas il.
Dimensões 20 cm
210 ## - Publicação
Nome do editor Temas e Debates
Local de publicação Lisboa
Data de publicação 2000
225 2# - Colecção 
Título próprio da colecção A par e passo
300 ## - Notas gerais 
Texto da nota Oferta de Raquel e Duarte Vaz Pinto
410 #0 -
-- A par e passo
702 #1 - Autor secundário (pessoa individual)
Apelido Pinto
Nome Ana Teresa
-- 730
701 #1 - Co-autor principal (pessoa individual)
Apelido Pitman
Nome Teresa
-- 070
700 #1 - Autor principal (pessoa individual)
Apelido Bennett
Nome Holly
-- 070
996 ## - ISO2709
-- 0015270
-- BEN
-- 00000000
-- 00000000
-- BMVA
-- 1
-- Viana do Alentejo
-- Educação. Ensino. Pedagogia
-- 21
-- Livro
-- 0
-- 1
996 ## - ISO2709
-- 0026676
-- BEN
-- 00000000
-- 00000000
-- BMVAAL
-- 3
-- Alcáçovas
-- Educação. Ensino. Pedagogia
-- 21
-- Livro
-- 0
-- 1
990 ## - Elementos KOHA
Tipo de documento Livro
Exemplares
Situação do levantamento Estado Biblioteca de origem Biblioteca de empréstimo Código de barras Cota Permissão de empréstimo Tipo de documento Localização na Estante Nota relativa ao exemplar
  Completo Biblioteca Municipal de Viana Do Alentejo Biblioteca Municipal de Viana Do Alentejo 0018358 159.9 BEN Disponível Livro    
  Completo Biblioteca Municipal de Viana Do Alentejo Biblioteca Municipal de Viana Do Alentejo Pólo Alcáçovas 0003112AL 159.9 BEN Disponível Livro Depósito cx. 135 vnt




Powered by Koha